Một số kinh nghiệm rèn dập /

Uloženo v:
Podrobná bibliografie
Hlavní autor: Vũ Tòng
Další autoři: Tiến Thành, Trần Ngọc Liên
Médium: Kniha
Jazyk:Vietnamese
Vydáno: Hàn : Lao động , 1969
Vydání:In lần thứ 1
Témata:
Tagy: Přidat tag
Žádné tagy, Buďte první, kdo otaguje tento záznam!
Thư viện lưu trữ: Thư viện Trường CĐ Kỹ Thuật Cao Thắng
LEADER 00742nam a2200229 a 4500
001 TVCDKTCT736
003 Thư viện trường Cao đẳng Kỹ thuật Cao Thắng
005 20050803000000
008 050803
980 \ \ |a Thư viện Trường CĐ Kỹ Thuật Cao Thắng 
024 |a RG_1 #1 eb0 i1 
041 0 # |a vie 
082 # # |a 621.8 /   |b V500T-m 
100 1 # |a Vũ Tòng 
245 0 0 |a Một số kinh nghiệm rèn dập /  |c Vũ Tòng, Tiến Thành, Trần Ngọc Liên 
250 # # |a In lần thứ 1 
260 # # |a Hàn :  |b Lao động ,  |c 1969 
300 # # |a 63tr. ;  |c 17cm 
650 # 4 |a Cơ khí 
650 # 4 |a Chế tạo kim loại 
700 0 # |a Tiến Thành 
700 0 # |a Trần Ngọc Liên